आदिवासीयों की पारंपरिक स्वशासन व्यवस्था एवं पंचायती राज (Record no. 1000576)

MARC details
000 -LEADER
fixed length control field 00456nam a2200133Ia 4500
008 - FIXED-LENGTH DATA ELEMENTS--GENERAL INFORMATION
fixed length control field 151001s9999||||xx |||||||||||||| ||und||
100 ## - MAIN ENTRY--PERSONAL NAME
Personal name सुधीर पाल
245 ## - TITLE STATEMENT
Title आदिवासीयों की पारंपरिक स्वशासन व्यवस्था एवं पंचायती राज
250 ## - EDITION STATEMENT
Edition statement 1
260 ## - PUBLICATION, DISTRIBUTION, ETC. (IMPRINT)
Name of publisher, distributor, etc आकृती प्रकाशन
260 ## - PUBLICATION, DISTRIBUTION, ETC. (IMPRINT)
Date of publication, distribution, etc 2009
300 ## - PHYSICAL DESCRIPTION
Extent 104
365 ## - TRADE PRICE
Price amount 21

No items available.